000
00322nam a2200133Ia 4500
008
240624s9999 xx 000 0 und d
041
_a
eng
082
_a
658 MIT
100
_a
MITTAL VIVEK
245
_a
BUSINESS ENVIRONMENT
260
_c
2007
_a
New Delhi
_b
Excel Books
300
_a
612 : p. : cm. ; 28
365
_c
RS
_b
35
999
_c
12024
_d
12024